| 000 -LEADER |
| fixed length control field |
00565nam a22001937a 4500 |
| 008 - FIXED-LENGTH DATA ELEMENTS--GENERAL INFORMATION |
| fixed length control field |
150930b xxu||||| |||| 00| 0 eng d |
| 020 ## - INTERNATIONAL STANDARD BOOK NUMBER |
| International Standard Book Number |
0877092478 |
| 041 0# - LANGUAGE CODE |
| Language code of text/sound track or separate title |
eng |
| 080 ## - UNIVERSAL DECIMAL CLASSIFICATION NUMBER |
| Universal Decimal Classification number |
005 |
| 100 1# - Rafti |
| Rafti |
Gibson, Michael L. |
| 245 10 - TITLE STATEMENT |
| Title |
Systems analysis and design : |
| Statement of responsibility, etc |
Michael L. Gibson, Cary T. Hughes. |
| 260 ## - |
| -- |
Danvers, Mass. : |
| -- |
Boyd & Fraser, |
| -- |
1994. |
| 300 ## - |
| -- |
xxiii, 808 f. : |
| -- |
me il.; |
| -- |
24 cm. |
| 650 #0 - |
| -- |
Analiza |
| 650 #0 - |
| -- |
Sistemi |
| 650 #0 - |
| -- |
Dizajni |
| 700 1# - |
| -- |
Hughes, Cary T. |
| 942 ## - ADDED ENTRY ELEMENTS (KOHA) |
| Source of classification or shelving scheme |
|
| Item type |
Books |